000 00898nas a2200265 4500
001 BR2012003619
003 BR-BrBNA
005 20231205120601.0
007 ta
008 230509b bl.|||p| |||| 00| 00por d
040 _aBR-BrBNA
_bpor
_cBiblioteca Nacional de Agricultura
041 _a(En)
072 _aF02
100 1 _aFlores, W.B.C.
100 1 _aYuyama, K.
100 1 _aSilva, R.G. da
245 1 _aAsexual propagation of peach palm by division of the clump and extraction of the off-shoots
246 1 _aAsexual propagation of peach palm by division of the clump and extraction of the off-shoots
650 _aPUPUNHA
650 _aBACTRIS GASIPAES
650 _aPROPAGAÇÃO VEGETATIVA
773 0 _tHorticultura Brasileira (Brazil)
_xISSN 0102-0536
_g(Jan-Mar 2012), v. 30(1) p. 151-154
_wBR2012003619
909 _a202311
_bLúcia
_c55
_dLúcia Elande
942 _2AGRIS
_n0
_cANA
999 _c219258
_d219258